| 000 | 00801am a2200289a 44500 | ||
|---|---|---|---|
| 003 | AR-BaBNM | ||
| 005 | 20251128203209.0 | ||
| 008 | 120020s1988 #AR|||||||||||000 | spa|| | ||
| 020 | _a950-964-023-1 | ||
| 040 | _cAR-BaBNM | ||
| 100 | 1 | _aAllison, Graham T. | |
| 245 | 1 | 0 |
_aLa esencia de la decisión _banálisis explicativo de la crisis de los misiles en Cuba |
| 250 | _a1ª ed. | ||
| 260 |
_aBuenos Aires _bGrupo Editor Latinoamericano S.R.L. _c1988 |
||
| 300 | _a387 p. | ||
| 490 | 0 | _aEstudios Internacionales | |
| 650 | 4 | _aHISTORIA POLITICA | |
| 650 | 4 | _aHISTORIA DE LAS RELACIONES INTERNACIONALES | |
| 650 | 4 | _aPOLITICA EXTERIOR | |
| 650 | 4 | _aECONOMIA | |
| 650 | 4 | _aHISTORIA | |
| 651 | 4 | _aCuba | |
| 651 | 4 | _aURSS | |
| 651 | 4 | _aEstados Unidos | |
| 942 | _cBK | ||
| 998 | _cMariana | ||
| 999 |
_c2335 _d2335 |
||